The High Court Civil Suit No. MMEK 10 of 2000 Joseph Kalingamire Vs Godfrey Mugulusi . (Record no. 3670)
[ view plain ]
| 000 -LEADER | |
|---|---|
| fixed length control field | 00612nam a22001337a 4500 |
| 008 - FIXED-LENGTH DATA ELEMENTS--GENERAL INFORMATION | |
| fixed length control field | 110622t xxu||||| |||| 00| 0 eng d |
| 010 ## - LIBRARY OF CONGRESS CONTROL NUMBER | |
| LC control number | HCCSF94 |
| 245 ## - TITLE STATEMENT | |
| Title | The High Court Civil Suit No. MMEK 10 of 2000 Joseph Kalingamire Vs Godfrey Mugulusi . |
| 260 ## - PUBLICATION, DISTRIBUTION, ETC. (IMPRINT) | |
| Date of publication, distribution, etc | 2000 |
| 500 ## - GENERAL NOTE | |
| General note | Before: V.F. Musoke-Kibuuka (Judge) |
| Withdrawn status | Lost status | Source of classification or shelving scheme | Damaged status | Koha normalized classification for sorting | Not for loan | Location (home branch) | Sublocation or collection (holding branch) | Shelving location | Date acquired | Koha issues (times borrowed) | Koha full call number | Piece designation (barcode) | Koha date last seen | Price effective from | Koha item type |
|---|---|---|---|---|---|---|---|---|---|---|---|---|---|---|---|
| Dewey Decimal Classification | HCCSF_94 | Law Development Centre Main Library | Law Development Centre Main Library | Law Reports | 06/22/2011 | HCCSF94 | 10/2000/2 | 06/22/2011 | 06/22/2011 | Un Reported Cases | |||||
| Dewey Decimal Classification | HCCSF_94 | Law Development Centre Main Library | Law Development Centre Main Library | Law Reports | 06/22/2011 | HCCSF94 | 10/2000/3 | 06/22/2011 | 06/22/2011 | Un Reported Cases | |||||
| Dewey Decimal Classification | HCCSF_94 | Law Development Centre Main Library | Law Development Centre Main Library | Law Reports | 06/22/2011 | HCCSF94 | 10/2000/4 | 06/22/2011 | 06/22/2011 | Un Reported Cases |
